Statistics for Name the US States by abbreviation

Click here to take the quiz!

General Stats

  • This quiz has been taken 968 times
    (944 since last reset)
  • The average score is 43 of 56

Answer Stats

Hint Answer % Correct
ALAlabama
98%
AZArizona
96%
CACalifornia
95%
COColorado
95%
ARArkansas
94%
DEDelaware
93%
FLFlorida
93%
ILIllinois
91%
KSKansas
91%
INIndiana
91%
IDIdaho
91%
KYKentucky
90%
AKAlaska
90%
GAGeorgia
88%
HIHawaii
88%
CTConnecticut
85%
NYNew York
85%
IAIowa
84%
OHOhio
84%
NJNew Jersey
83%
OKOklahoma
82%
NVNevada
81%
TXTexas
80%
OROregon
80%
NCNorth Carolina
79%
NHNew Hampshire
79%
LALouisiana
79%
MNMinnesota
78%
MTMontana
78%
UTUtah
78%
SCSouth Carolina
78%
NDNorth Dakota
78%
SDSouth Dakota
77%
NMNew Mexico
77%
MDMaryland
77%
MEMaine
76%
TNTennessee
75%
MIMichigan
75%
VTVermont
74%
WYWyoming
73%
RIRhode Island
73%
PAPennsylvania
73%
WAWashington
72%
VAVirginia
71%
NENebraska
70%
WIWisconsin
68%
MSMississippi
68%
MAMassachusetts
67%
WVWest Virginia
66%
DCDistrict of Columbia
64%
MOMissouri
64%
PRPuerto Rico
40%
GUGuam
39%
VIVirgin Islands
34%
ASAmerican Samoa
19%
MPNorthern Mariana Islands
8%

Score Distribution

Percentile by Number Answered

Percent of People with Each Score

Your Score History

You have not taken this quiz since the last reset